000 01217nam a2200301Ia 4500
001 76881
003 IT-RoPAU
008 130308s9999 xx 000 0 und d
040 _aIT-RoPAU
040 _cIT-RoPAU
041 _aITALIANO
100 _aDemetrio Duccio
100 _gCodice Aut. SPICS: 27149
245 _aAvventura nell'età adulta (L'): ricerca del senso o peripezia?
245 _bLinee di Fuga-L'Avventura nella Formazione Umana
250 _a1a ed.
260 _aFIRENZE
260 _bLa Nuova Italia
260 _c1989 [1° Ed.:1989 - Ed.Ling.Originale:1989]
300 _a"26 p. (prefazione: no ; testo: 26 [pagine: 45-70])"
500 _aMetamorfosi Suprema Avventura Adultità in Declino Gioco e Avventura nell'Ologramma Emozionale Camaleonti e Leviatani Don Giovanni e Faust Puer Aeternus Come Avventura Ancora Possibile Avventura Come Universale della Ricerca e della fatica dal Graal Alla pietra Filosofale Avventura Come Iattura da Giasone a Fantozzi Avventura dei Nostri Paradossi consigli Semiseri di un Andragogista poco Convinto
650 _aSAGGI DI PEDAGOGIA
650 _eCodice materia Spics: 3557
942 _cBK
957 _71
999 _c42151
_d42151
999 _bSI
999 _g1